Southville International School and Colleges
Your cart is empty.
  • Cart
  • Lists
    Public lists Eva Luna New books Lux_list list_1
    Your lists Log in to create your own lists
  • Log in to your account
  • Your cookies
  • Search history
Southville International School and Colleges
  • Advanced search
  • Recent comments
  • Most popular
  • Libraries

Log in to your account

Log in with GOOGLE


If you do not have an external account, but do have a local account, you can still log in:

  1. Home
  2. MARC view: Research methods and thesis writing /
Normal view MARC view ISBD view

Research methods and thesis writing / (Record no. 39135)

[ view plain ]
MARC details
000 -LEADER
fixed length control field 00589nam a22002057a 4500
003 - CONTROL NUMBER IDENTIFIER
control field OSt
005 - DATE AND TIME OF LATEST TRANSACTION
control field 20140311162959.0
008 - FIXED-LENGTH DATA ELEMENTS--GENERAL INFORMATION
fixed length control field 130201t xxu||||| |||| 00| 0 eng d
020 ## - INTERNATIONAL STANDARD BOOK NUMBER
International Standard Book Number 9789712349270
050 ## - LIBRARY OF CONGRESS CALL NUMBER
Classification number LB 2369
Item number .C164 2007
100 ## - MAIN ENTRY--PERSONAL NAME
Personal name Calmorin, Laurentina Paler
245 ## - TITLE STATEMENT
Title Research methods and thesis writing /
Statement of responsibility, etc Calmorin, Laurentina Paler, Calmorin, Melchor A.
260 ## - PUBLICATION, DISTRIBUTION, ETC. (IMPRINT)
Place of publication, distribution, etc Manila :
Name of publisher, distributor, etc Rex Book Store,
Date of publication, distribution, etc 2007.
300 ## - PHYSICAL DESCRIPTION
Extent 400 p. :
Dimensions 23 cm.
521 ## - TARGET AUDIENCE NOTE
Target audience note
650 ## - SUBJECT ADDED ENTRY--TOPICAL TERM
Topical term or geographic name as entry element Thesis writing
700 ## - ADDED ENTRY--PERSONAL NAME
Personal name Calmorin, Melchor A.
942 ## - ADDED ENTRY ELEMENTS (KOHA)
Source of classification or shelving scheme Library of Congress Classification
Koha item type Books
Call number prefix Local
Holdings
Withdrawn status Lost status Source of classification or shelving scheme Damaged status Home library Current library Shelving location Date acquired Total Checkouts Total Renewals Full call number Barcode Date last seen Date checked out Copy number Price effective from Koha item type
    Library of Congress Classification   College Library College Library General Circulation Section 01/14/2014 4 17 LB 2369 .C164 2008 C16614 12/17/2020 10/06/2020 1 01/14/2014 Books

Research methods and thesis writing /

APA

Calmorin L. P., Calmorin M. A., . (2007). Research methods and thesis writing. Manila: Rex Book Store.

Chicago

Calmorin Laurentina Paler, Calmorin Melchor A, . 2007. Research methods and thesis writing. Manila: Rex Book Store.

Harvard

Calmorin L. P., Calmorin M. A., . (2007). Research methods and thesis writing. Manila: Rex Book Store.

MLA

Calmorin Laurentina Paler, Calmorin Melchor A, . Research methods and thesis writing. Manila: Rex Book Store. 2007.

  • Place hold
  • Print
  • Cite
  • Add to your cart (remove)
  • Save record
    BIBTEX Dublin Core MARCXML MARC (non-Unicode/MARC-8) MARC (Unicode/UTF-8) MARC (Unicode/UTF-8, Standard) MODS (XML) RIS
  • More searches
    Search for this title in:
    Other Libraries (WorldCat) Other Databases (Google Scholar) Online Stores (Bookfinder.com) Open Library (openlibrary.org)

Exporting to Dublin Core...

SOUTHVILLE LIBRARY

Southville International School and Colleges Library

1281 Tropical Ave. Cor. Luxembourg St., BF Homes International, Las Pinas City

Tel. No. 8256374 / 252358 Loc. 117/146

Powered by Koha